2016/17 Season Top 10 Scorers Of UCL - Statistics

General Stats
  • This quiz has been taken 25 times
  • The average score is 5 of 10
Answer Stats
Hint Answer % Correct
2. 11 Goals Messi
100%
1. 12 Goals Ronaldo
100%
4. 8 Goals Lewandowski
82%
6. 6 Goals Mbappé
53%
7. 6 Goals Griezmann
47%
8. 5 Goals Agüero
41%
10. 5 Goals Falcao
24%
3. 8 Goals Cavani
18%
5. 7 Goals Aubameyang
12%
9. 5 Goals Mertens
6%
No matching quizzes found
Score Distribution
Percent of People with Each Score
Percentile by Number Answered
Your Score History
You have not taken this quiz